Security analysis portfolio management (Record no. 31694)

MARC details
000 -LEADER
fixed length control field 00495nam a2200181Ia 4500
008 - FIXED-LENGTH DATA ELEMENTS--GENERAL INFORMATION
fixed length control field 230917s9999||||xx |||||||||||||| ||und||
020 ## - ISBN
Price RS729
040 ## - CATALOGING SOURCE
-- 256338
Original cataloging agency VIVEKANANDA LIBRARY
041 ## - Language
-- English
082 ## - DDC NUMBER
Classification number 658.152 F522S(7)
100 ## - MAIN ENTRY--PERSONAL NAME
Personal name Fischer, Donald E
245 #0 - TITLE STATEMENT
Title Security analysis portfolio management
250 ## - EDITION STATEMENT
Edition statement 7th ed.
260 ## - PUBLICATION, DISTRIBUTION, ETC. (IMPRINT)
Place of publication, distribution, etc Noida
Name of publisher, distributor, etc Pearson India Education
Date of publication, distribution, etc 2019
300 ## - PHYSICAL DESCRIPTION
Pages xvi, 517 p.
500 ## - GENERAL NOTE
General note 3506 16/07/2019 HBD19/7864 20/07/2019 Main Budget
942 ## - ADDED ENTRY ELEMENTS (KOHA)
Koha item type Books
Holdings
Withdrawn status Lost status Damaged status Not for loan Location (home branch) Sublocation or collection (holding branch) Shelving location Date acquired Koha issues (times borrowed) Koha full call number Accession No. Koha date last seen Koha item type
        VIVEKANANDA LIBRARY VIVEKANANDA LIBRARY IMSAR Library 09/10/2019   658.152 F522S(7) 389015 17/09/2023 Books
        VIVEKANANDA LIBRARY VIVEKANANDA LIBRARY IMSAR Library 09/10/2019   658.152 F522S(7) 389016 17/09/2023 Books
        VIVEKANANDA LIBRARY VIVEKANANDA LIBRARY IMSAR Library 09/10/2019   658.152 F522S(7) 389017 17/09/2023 Books
        VIVEKANANDA LIBRARY VIVEKANANDA LIBRARY IMSAR Library 09/10/2019   658.152 F522S(7) 389018 17/09/2023 Books
        VIVEKANANDA LIBRARY VIVEKANANDA LIBRARY IMSAR Library 09/10/2019   658.152 F522S(7) 389019 17/09/2023 Books
© Designed and Maintained by Vivekananda Library, MDU Rohtak